| Tag |
First Indicator |
Second Indicator |
Subfields |
| LEADER |
00000cam a2200000 a 4500 |
| 001 |
in00000069613 |
| 005 |
20151008054519.0 |
| 008 |
810403s1979 txua s10000 eng d |
| 035 |
|
|
|a (OCoLC)07301165
|
| 035 |
|
|
|9 AAJ0879AM
|
| 040 |
|
|
|a FLT
|c FLT
|d TXA
|d UtOrBLW
|
| 043 |
|
|
|a n-us-tx
|
| 049 |
|
|
|a TXAM
|c 1 [1481843], 2 [A08542354]
|
| 090 |
|
|
|a HD9502.U53
|b T4183 1979
|
| 245 |
0 |
0 |
|a Energy and feedstocks :
|b a challenge for Texas : proceedings, December 6-7, 1979.
|
| 264 |
|
1 |
|a [College Station, Tex.] :
|b [publisher not identified],
|c [1979?]
|
| 300 |
|
|
|a 71 pages :
|b illustrations ;
|c 28 cm.
|
| 336 |
|
|
|a text
|b txt
|2 rdacontent
|
| 337 |
|
|
|a unmediated
|b n
|2 rdamedia
|
| 338 |
|
|
|a volume
|b nc
|2 rdacarrier
|
| 500 |
|
|
|a Cover title.
|
| 500 |
|
|
|a Sponsored by Department of Chemical Engineering, College of Engineering, Texas Engineering Experiment Station, Center for Energy and Mineral Resources, the Texas A&M University System.
|
| 650 |
|
0 |
|a Energy policy
|z Texas
|x Congresses.
|
| 650 |
|
0 |
|a Industries
|z Texas
|x Congresses.
|
| 710 |
2 |
|
|a Texas A & M University.
|b Department of Chemical Engineering.
|
| 999 |
|
|
|a MARS
|
| 999 |
f |
f |
|s be0158d6-8c44-3d10-bd4d-877cb65194de
|i b9e7e120-9414-3b16-95b0-1497e4c2eb08
|t 0
|
| 952 |
f |
f |
|p noncirc
|a Texas A&M University
|b College Station
|c Cushing Memorial Library & Archives
|d Cushing: Texas A&M (Does not check out)
|t 0
|e HD9502.U53 T4183 1979
|h Library of Congress classification
|i unmediated -- volume
|
| 952 |
f |
f |
|p ric
|a Texas A&M University
|b Rellis Campus
|c Joint Library Facility
|d Remote Storage
|t 0
|e HD9502.U53 T4183 1979
|h Library of Congress classification
|i unmediated -- volume
|m A14806130999
|
| 998 |
f |
f |
|a HD9502.U53 T4183 1979
|t 0
|l Remote Storage
|
| 998 |
f |
f |
|a HD9502.U53 T4183 1979
|t 0
|l Cushing: Texas A&M (Does not check out)
|